[Event "World Cup U18 Prel"]
[Site "Tornelo INT"]
[Date "2021.08.17"]
[Round "3"]
[White "Arunakirinathan, Aruthran"]
[Black "Gonzalez Lopez, Pablo D"]
[Result "1-0"]
[WhiteElo "1509"]
[BlackElo "1143"]
[PlyCount "163"]
[EventDate "2021.08.16"]
[EventType "swiss (rapid)"]
[EventRounds "10"]
[EventCountry "NET"]
[SourceTitle "CBM 203 Extra"]
[Source "ChessBase"]
[SourceDate "2021.09.30"]
[SourceVersion "1"]
[SourceVersionDate "2021.09.30"]
[SourceQuality "1"]

1. e4 e5 2. Nf3 Nc6 3. Bc4 Bc5 4. c3 Nf6 5. d3 d6 6. 0-0 a6 7. Re1 0-0 8. h3 Ba7 9. Bg5 h6 10. Bh4 Be6 11. Bb3 Qd7 12. Bxf6 gxf6 13. Nh4 Kh7 14. Qf3 Rg8 15. Kh2 Rg5 16. Bc2 Rag8 17. Nd2 Ne7 18. Rg1 Ng6 19. Nxg6 R5xg6 20. d4 exd4 21. g4 dxc3 22. bxc3 d5 23. exd5 Bxd5 24. Bxg6+ fxg6 25. Qxf6 c6 26. Nb3 Rg7 27. Rgf1 Rf7 28. Qh4 Bb8+ 29. Kg1 Qd6 30. f4 Ba7+ 31. Kh2 Rxf4 32. Qg3 Bb8 33. Rxf4 Qxf4 34. Qxf4 Bxf4+ 35. Kg1 Be3+ 36. Kf1 Bc4+ 37. Kg2 Bd5+ 38. Kg3 Kg7 39. Re1 Bg5 40. Nc5 Bxa2 41. Nxb7 Bc4 42. Nd6 Bd5 43. Ra1 Be7 44. Nc8 Bf6 45. Rxa6 Bxc3 46. Ne7 Be5+ 47. Kf2 Bd4+ 48. Ke1 Bg2 49. Nxc6 Bf6 50. Ra7+ Kf8 51. Ra8+ Kf7 52. Ra6 Bxh3 53. Ra7+ Ke6 54. Rh7 Bg5 55. Nd4+ Kd5 56. Nf3 Bxg4 57. Nxg5 hxg5 58. Rg7 Bh5 59. Re7 Bg4 60. Kf2 Be6 61. Ke3 Ke5 62. Ra7 g4 63. Ra5+ Bd5 64. Kf2 Ke4 65. Ra4+ Ke5 66. Rxg4 Be4 67. Ke3 Bf5 68. Rg5 Kf6 69. Kf4 Ke6 70. Rg1 Kf6 71. Rg3 Ke6 72. Kg5 Kf7 73. Re3 Kg7 74. Re7+ Kf8 75. Kf6 Bd3 76. Rd7 Bb5 77. Rb7 Bc6 78. Rc7 Bb5 79. Kxg6 Be8+ 80. Kf6 Bb5 81. Rc8+ Be8 82. Rd8 1-0

[Event "PUR-ch"]
[Site "Caguas"]
[Date "2020.01.25"]
[Round "2"]
[White "Maldonado Polo, Mariangeli"]
[Black "Gonzalez Lopez, Pablo D"]
[Result "1-0"]
[WhiteElo "1276"]
[BlackElo "1066"]
[PlyCount "101"]
[EventDate "2020.01.24"]
[EventType "swiss"]
[EventRounds "5"]
[EventCountry "PUR"]
[SourceTitle "CBM 195 Extra"]
[Source "ChessBase"]
[SourceDate "2020.05.31"]
[SourceVersion "1"]
[SourceVersionDate "2020.05.31"]
[SourceQuality "1"]

1. e4 e5 2. Nf3 Nc6 3. Bb5 a6 4. Bxc6 dxc6 5. d4 exd4 6. Qxd4 Qxd4 7. Nxd4 Bc5 8. Be3 Nf6 9. f3 0-0 10. Nc3 Rd8 11. Nf5 Bxe3 12. Nxe3 Be6 13. Ke2 Nd7 14. Rad1 Nc5 15. Rxd8+ Rxd8 16. Rd1 Rd6 17. f4 Nd7 18. f5 Bxa2 19. Nxa2 Ne5 20. Nb4 g6 21. Nd3 Nd7 22. c3 Nb6 23. e5 Rd7 24. Nc5 Rxd1 25. Kxd1 gxf5 26. b3 f4 27. Nf5 Nd5 28. c4 Nb4 29. Nxb7 Nd3 30. Ne7+ Kg7 31. Nxc6 Kg6 32. Ke2 Nc1+ 33. Kf3 Nxb3 34. Kxf4 Nd2 35. Nba5 Nb1 36. Nb4 Na3 37. Nxa6 Nxc4 38. Nxc4 c6 39. Na5 f6 40. e6 Kg7 41. e7 Kf7 42. Nxc6 Ke8 43. Nc7+ Kd7 44. e8Q+ Kxc7 45. Qe6 h5 46. Na5 f5 47. Qc6+ Kd8 48. Qb7 Ke8 49. Nc6 Kf8 50. Kg5 Ke8 51. Qe7# 1-0

[Event "PUR-ch"]
[Site "Caguas"]
[Date "2020.01.24"]
[Round "1"]
[White "Gonzalez Lopez, Pablo D"]
[Black "Ortiz Bigio, Antonio L"]
[Result "0-1"]
[WhiteElo "1066"]
[BlackElo "1596"]
[PlyCount "76"]
[EventDate "2020.01.24"]
[EventType "swiss"]
[EventRounds "5"]
[EventCountry "PUR"]
[SourceTitle "CBM 195 Extra"]
[Source "ChessBase"]
[SourceDate "2020.05.31"]
[SourceVersion "1"]
[SourceVersionDate "2020.05.31"]
[SourceQuality "1"]

1. e4 e5 2. Nf3 Nc6 3. Bc4 Bc5 4. b4 Bxb4 5. c3 Ba5 6. 0-0 Nf6 7. Ba3 d6 8. Re1 0-0 9. h3 h6 10. Nh2 Re8 11. Qb3 Qe7 12. Bb2 Bb6 13. Bb5 a6 14. Bf1 Be6 15. Qd1 Qd7 16. Na3 Ne7 17. d4 exd4 18. cxd4 d5 19. e5 Ne4 20. Qd3 Bf5 21. Qd1 Nc6 22. Nc2 Ng5 23. Rc1 Qe6 24. Ne3 Bh7 25. Kh1 Ne4 26. Kg1 Rad8 27. Be2 Qe7 28. Nef1 Ba5 29. f3 Bxe1 30. fxe4 Ba5 31. exd5 Rxd5 32. Bf3 Rd7 33. Rxc6 bxc6 34. Bxc6 Rb8 35. Bc1 Rxd4 36. Qe2 Rdd8 37. Nf3 Qc5+ 38. Be3 Qxc6 0-1